América pontificia o tratado completo de los privilejios que la silla apostólica ha concedido a los católicos de la América Latina

I tiakina i:
Ngā taipitopito rārangi puna kōrero
Kaituhi matua: Marqués, Simón (autor)
Hōputu: Pukapuka
Reo:Pāniora
I whakaputaina: Santiago Nacional 1868
Ngā marau:
Ngā Tūtohu: Tāpirihia he Tūtohu
Kāore He Tūtohu, Me noho koe te mea tuatahi ki te tūtohu i tēnei pūkete!

MARC

LEADER 00000nam a2200000 a 4500
001 UCL1039
003 CL-VaPUC
008 030829e18680000CL |||||||||||||||||spa|d
082 0 4 |a 270.98  |b MAR  |2 21 
100 |a Marqués, Simón  |e autor  |9 477820 
245 1 0 |a América pontificia o tratado completo de los privilejios que la silla apostólica ha concedido a los católicos de la América Latina 
300 |a 741 p 
942 |c BK 
945 |d 20030829 00:00:00  |a rbrito 
260 |a Santiago  |b Nacional  |c 1868 
650 0 |a Derecho eclesiástico  |9 255055 
651 0 |a América Latina   |9 255027 
583 |a last modification  |c 20030829 00:00:00  |k Rodrigo Vera 
999 |c 304725  |d 304723 
952 |0 0  |1 0  |4 0  |6 270_980000000000000_MAR_1868  |7 0  |8 P  |9 367412  |a BIBTEO  |b BIBTES  |c TEO_FTES  |d 2019-11-21  |i 2071568  |o 270.98 MAR 1868  |p 2071568  |r 2024-01-18  |w 2019-11-21  |y BK  |k ICR 
952 |0 0  |1 0  |4 0  |6 270_980000000000000_MAR_1868  |7 0  |8 P  |9 367413  |a BIBTEO  |b BIBTES  |c TEO_FTES  |d 2019-11-21  |i 2071576  |o 270.98 MAR 1868  |p 2071576  |r 2024-01-18  |w 2019-11-21  |y BK  |k ICR